Design school confidential : (Record no. 353118)

000 -LEADER
fixed length control field 02985 a2200325 4500
003 - CONTROL NUMBER IDENTIFIER
control field OSt
005 - DATE AND TIME OF LATEST TRANSACTION
control field 20180116192356.0
008 - FIXED-LENGTH DATA ELEMENTS--GENERAL INFORMATION
fixed length control field 120606t xxu||||| |||| 00| 0 eng d
010 ## - LIBRARY OF CONGRESS CONTROL NUMBER
LC control number 2009014431
020 ## - INTERNATIONAL STANDARD BOOK NUMBER
International Standard Book Number 9781592535484
020 ## - INTERNATIONAL STANDARD BOOK NUMBER
International Standard Book Number 1592535488
035 ## - SYSTEM CONTROL NUMBER
System control number (OCoLC)ocn316018273
040 ## - CATALOGING SOURCE
Transcribing agency 0
082 00 - DEWEY DECIMAL CLASSIFICATION NUMBER
Classification number 745.40711
100 1# - MAIN ENTRY--PERSONAL NAME
Personal name Heller, Steven.
9 (RLIN) 4053
245 10 - TITLE STATEMENT
Title Design school confidential :
Remainder of title extraordinary class projects from international design schools /
Statement of responsibility, etc. Steven Heller & Lita Talarico.
246 30 - VARYING FORM OF TITLE
Title proper/short title Extraordinary class projects from international design schools
260 ## - PUBLICATION, DISTRIBUTION, ETC.
Place of publication, distribution, etc. Beverly, Mass. :
Name of publisher, distributor, etc. Rockport Publishers,
Date of publication, distribution, etc. c2009.
300 ## - PHYSICAL DESCRIPTION
Extent 224 p. :
Other physical details ill. (chiefly col.) ;
Dimensions 26 cm.
505 0# - FORMATTED CONTENTS NOTE
Formatted contents note Introduction the gold standard -- Anatomy of a successful project -- The projects -- Helvetica nation -- VCUQatar 10th anniversary publications -- Cradle to grave -- Visual identity for the 25th biennial of graphic arts in Ljubljana -- On trial -- Product identity -- Locale -- Turning data into information -- Sacral design -- New identity for the academy of fine arts of Bologna -- Boston and Suzhou: a cultural concept book study -- Water, politics, and hope -- Town of split workshop -- My first political poster design: Chile, the other September 11th -- To die for -- South African stories -- The formal language of a display typeface -- Visualizing various information types across multiple channels -- X box -- Breaking the rules in interactive media design -- Medical information design -- Human rights, human wrongs -- Illustrating a fiction spread -- Prague souvenirs -- User-centered communication -- Creating meaningful graphics -- Make a chair -- Books for travel -- Collage poster workshop -- Research project -- Undaunted courage -- Development of type families for magazines -- Type as metaphor -- Horsepower -- What happened? -- Think: the credibility of information in the digital age -- Listen carefully -- Interactive music or musician's website -- Beyond the surface -- Pattern magazine -- Color y carnaval -- The transparent cover -- Reading the urban landscape -- Comic sequence -- Senior degree project in graphic design -- Modular type -- Communication design program -- Major design project -- Graphic design with any media -- The one -- Stop global warming -- Ways of seeing (sequential image making) -- Beatrice Warde and you.
650 10 - SUBJECT ADDED ENTRY--TOPICAL TERM
Topical term or geographic name entry element Graphic arts
Chronological subdivision 21st century.
9 (RLIN) 4054
650 10 - SUBJECT ADDED ENTRY--TOPICAL TERM
Topical term or geographic name entry element Design
General subdivision History
Chronological subdivision 21st century.
9 (RLIN) 4055
650 10 - SUBJECT ADDED ENTRY--TOPICAL TERM
Topical term or geographic name entry element Graphic arts
General subdivision Study and teaching (Higher)
9 (RLIN) 4056
650 10 - SUBJECT ADDED ENTRY--TOPICAL TERM
Topical term or geographic name entry element Design
General subdivision Study and teaching (Higher)
9 (RLIN) 4057
700 1# - ADDED ENTRY--PERSONAL NAME
Personal name Talarico, Lita.
9 (RLIN) 4058
856 42 - ELECTRONIC LOCATION AND ACCESS
Materials specified Contributor biographical information
Uniform Resource Identifier <a href="http://www.loc.gov/catdir/enhancements/fy0910/2009014431-b.html">http://www.loc.gov/catdir/enhancements/fy0910/2009014431-b.html</a>
856 42 - ELECTRONIC LOCATION AND ACCESS
Materials specified Publisher description
Uniform Resource Identifier <a href="http://www.loc.gov/catdir/enhancements/fy0910/2009014431-d.html">http://www.loc.gov/catdir/enhancements/fy0910/2009014431-d.html</a>
942 ## - ADDED ENTRY ELEMENTS (KOHA)
Institution code [OBSOLETE] SADA
Koha item type Book
Call number prefix 745.40711 HEL 2009
Source of classification or shelving scheme
Holdings
Withdrawn status Lost status Source of classification or shelving scheme Damaged status Not for loan Permanent Location Current Location Date acquired Total Checkouts Total Renewals Full call number Barcode Date last seen Date last checked out Copy number Cost, replacement price Price effective from Koha item type
          School of Art Design and Architecture (SADA) School of Art Design and Architecture (SADA) 06/03/2011 8 3 745.40711 HEL 2009 SADA0001161 12/31/2025 11/15/2024 01 2773.00 08/05/2011 Book
          School of Art Design and Architecture (SADA) School of Art Design and Architecture (SADA) 06/03/2011 16 9 745.40711 HEL 2009 SADA0001162 06/02/2025 04/16/2025 02 2773.00 08/05/2011 Book
© 2023 Central Library, National University of Sciences and Technology. All Rights Reserved.